Podnikateľ a jeho kvalifikačný potenciál

Výsledky prieskumu, ktorého cieľom bolo zistiť názory študentov na to, aké predpoklady musí spĺňať človek, aby bol úspešný podnikateľ a ako môže škola pomôcť študentom pri rozhodnutí podnikať.

Salvato in:
Dettagli Bibliografici
Autore principale: Olexová, Cecília, 1976-
Altri autori: Bosáková, Mária
Natura: Capitolo di libro
Lingua:slovacco
Soggetti:
Tags: Aggiungi Tag
Nessun Tag, puoi essere il primo ad aggiungerne!!

MARC

LEADER 00000nla$a2200000$$$4500
001 0105427
005 20240711103959.4
041 0 |a slo 
044 |a SK 
245 1 0 |a Podnikateľ a jeho kvalifikačný potenciál  |c Cecília Olexová, Mária Bosáková 
520 |a Výsledky prieskumu, ktorého cieľom bolo zistiť názory študentov na to, aké predpoklady musí spĺňať človek, aby bol úspešný podnikateľ a ako môže škola pomôcť študentom pri rozhodnutí podnikať. 
610 2 0 |a podnikanie 
610 2 0 |a podnikatelia 
610 2 0 |a osobnosť 
610 2 0 |a schopnosti pracovné 
610 2 0 |a študenti 
610 2 0 |a vzdelávanie vysokoškolské 
100 1 |a Olexová, Cecília, 1976- 
700 1 |a Bosáková, Mária